| 000 | 00468nam a2200181Ia 4500 | ||
|---|---|---|---|
| 008 | 160319s9999 xx 000 0 und d | ||
| 020 | _a0-517288087 | ||
| 050 | _aFic | ||
| 050 | _b.R661g 1980 | ||
| 100 | _aRobinson, Ian | ||
| 245 | _aGoldilocks and the three bears / | ||
| 245 | _cretold by Ian Robinson. | ||
| 260 | _c1980 | ||
| 300 | _a19 pages : | ||
| 440 | _aClassic Fairytales. | ||
| 650 | _aChildren's stories in English, 1945- - | ||
| 650 | _xTexts. | ||
| 999 |
_c292078 _d292078 |
||